Catálogo
 En Linea

Anatomía humana descriptiva y topográfica / (Registro nro. 39335)

Detalles MARC
000 -CABECERA
campo de control de longitud fija 00642nam a2200193 a 4500
001 - NÚMERO DE CONTROL
campo de control 000039845
005 - FECHA Y HORA DE LA ÚLTIMA TRANSACCIÓN
campo de control 20201002033752.0
008 - DATOS DE LONGITUD FIJA--INFORMACIÓN GENERAL
campo de control de longitud fija 130725s19uu sp a 000 0 spa d
040 ## - FUENTE DE LA CATALOGACIÓN
Centro catalogador/agencia de origen DO-SdBNP
Lengua de catalogación spa
Centro/agencia transcriptor BNPHU
082 ## - NÚMERO DE LA CLASIFICACIÓN DECIMAL DEWEY
Número de clasificación xxx
100 1# - ENTRADA PRINCIPAL--NOMBRE DE PERSONA
Nombre de persona Rouviére, H.
9 (RLIN) 66036
245 10 - MENCIÓN DE TÍTULO
Título Anatomía humana descriptiva y topográfica /
Mención de responsabilidad, etc. H. Rouviére , traducción R. López Prieto, M. Gavilan Bofill.
250 ## - MENCIÓN DE EDICIÓN
Mención de edición 2a ed. corregida y aumentada
260 ## - PUBLICACIÓN, DISTRIBUCIÓN, ETC.
Lugar de publicación, distribución, etc. [España] :
Nombre del editor, distribuidor, etc. [s.n.],
Fecha de publicación, distribución, etc. [s. f.].
300 ## - DESCRIPCIÓN FÍSICA
Extensión v. :
Otras características físicas il. ;
Dimensiones 23 cm.
505 0# - NOTA DE CONTENIDO CON FORMATO
Información miscelánea v.1:
Título Cabeza y cuello
700 1# - PUNTO DE ACCESO ADICIONAL--NOMBRE DE PERSONA
Nombre de persona López Prieto, R. ,
Término indicativo de función/relación tr.
9 (RLIN) 66037
700 1# - PUNTO DE ACCESO ADICIONAL--NOMBRE DE PERSONA
Nombre de persona Gavilan Bofill, M.,
Término indicativo de función/relación tr.
9 (RLIN) 66038
Existencias
Estado de retiro Estado de pérdida Restricciones de uso No para préstamo Código de colección Localización permanente Ubicación/localización actual Ubicación en estantería Fecha de adquisición Número de inventario Total de préstamos Signatura topográfica completa Código de barras Fecha visto por última vez Precio válido a partir de Tipo de ítem Koha
      Excluido de préstamo Monografías: Libros y Folletos General General Depósito 26.07.2013 LF1   v. 3 39845-10 25.06.2020 25.06.2020 No se presta
      Excluido de préstamo Monografías: Libros y Folletos General General Depósito 26.07.2013 LF1   v. 3, e. 2 39845-20 25.06.2020 25.06.2020 No se presta
        Monografías: Libros y Folletos General General Orden iniciada 18.09.2013 LF1   xxx 39845-30 25.06.2020 25.06.2020 No se presta

Con tecnología Koha